Responses for show #330 - Friday, December 13, 1985

Contestants

Sally Reed, a retired social service administrator from Redlands, California

Louis Lang, a trial lawyer from Skokie, Illinois

Rocky Schmidt, an attorney originally from Edmore, North Dakota (whose 2-day cash winnings total $12,000)

Jeopardy! Round responses

TENNIS
BUSINESS & INDUSTRY
"GARDENS"
TV NEIGHBORS
EARLY MAN
LEFTOVERS
    $100 3
the tennis net

Lou
    $100 17
the Levis wear

Lou
    $100 5
the Garden of Eden

Lou
    $100 1
the Flintstones

Rocky
    $100 22
Homo sapiens

Lou
    $100 12
kindergarten

Rocky
    $200 4
Harvard

Sally
    $200 18
(Lou: What is Boeing?)

Lockheed

LouSally
    $200 19
the Hanging Gardens of Babylon

Lou
    $200 2
the Bunkers

Lou
    $200 13
London

Sally
    $300 6
Bobby Riggs

Rocky
    $300 20
Holiday Inn

Triple Stumper
    $300 26
a garden apartment

Triple Stumper
    $300 7
(Alex: Thorny was Don DeFore.)

Ozzie Nelson

Triple Stumper
    $300 14
(Lou: What is a greyhound?)

a jack rabbit

LouSally
    $400 9
Arthur Ashe

Lou
    $400 21
(Sally: What is Dell?)

Bantam

RockySally
    $400 27
(Sally: What is Tivoli?)
(Alex: Be more specific.)
(Sally: What is the Tivoli Park? [*].)
(Alex: All right, remember the category.)

Tivoli Gardens

Sally
    $400 8
(Alex: Yes, The Beverly Hillbillies.)

the Clampetts

Lou
    $500 24
the brain

Lou
    $400 15
eyes

Rocky
    $500 10
(Rocky: What is a lob?)

a volley

RockyLou
    $500 23
(Lou: What is Pony?)
(Rocky: What is Nike?)
...
(Alex: About a minute to go in the round.)

Adidas

RockyLou
Triple Stumper
    $500 28
(Sally: What is Garden City?)
...
[The end-of-round signal sounds.]

Garden Grove

RockySally
    $500 11
(Lou: Who was, uh, Dick Van Dyke, [*].)

Dick Van Dyke

Lou
    $500 25
the Piltdown Man

Sally
    $500 16
the speed of sound

Rocky

Scores at the first commercial break (after clue 14):

Rocky Lou Sally
$0 $1,900 $700

Scores at the end of the Jeopardy! Round:

Rocky Lou Sally
$1,300 $2,100 $900

Double Jeopardy! Round responses

20TH CENTURY
AUTOBIOGRAPHIES
[NOTE: A hyphen was after "AUTO".]
FASHION
VERMONT
MUSICIANS
SLANG
    $200 13
(Sally: What are the SS?)

the Gestapo

Sally
Triple Stumper
    $200 6
Colonel Sanders

Rocky
    $200 26
Bloomingdale's

Lou
    $200 1
Canada

Sally
    $200 21
Tommy Dorsey

Lou
    $200 7
poker

Rocky
    $400 14
world's fairs

Sally
    $400 12
Bing Crosby

Lou
    $400 27
Gloria Vanderbilt

Rocky
    $400 2
Germany

Sally
    $500 22
"Buddy" (Bernard) Rich

Lou
    $400 8
heaven

Rocky
    $600 15
the Foreign Legion

Sally
    $600 18
Sammy Davis Jr.

Lou
    $600 28
(Lou: What is Mademoiselle?)

Elle

LouSally
    $600 3
(Alex: Hurry.)
(Sally: Who was Russ Columbo?)

Rudy Vallée

Sally
    $600 23
(Alex: We've got less than a minute to go.)

Les Paul

Triple Stumper
    $600 9
a butterfinger

Rocky
    $800 16
Anwar Sadat

Sally
    $800 19
Lillian Gish

Triple Stumper
    $800 29
[The end-of-round signal sounds.]

Joy

Sally
    $800 4
(Sally: Who is Jones?)

Dewey

Sally
Triple Stumper
    $800 24
(Sally: Who's Arthur Rubinstein?)

Vladimir Horowitz

Sally
Triple Stumper
    $800 10
a shaman

Triple Stumper
    $1000 17
(Sally: What is Rome?)

Florence

Sally
Triple Stumper
    $1000 20
Harry S Truman

Triple Stumper
    $1000 5
voting

Triple Stumper
    $1000 25
Van Cliburn

Rocky
    $1000 11
video games

Triple Stumper

Scores at the end of the Double Jeopardy! Round:

Rocky Lou Sally
$4,100 $3,400 $1,300

[wagering suggestions for these scores]

Final Jeopardy! Round responses

LANDMARKS
(Alex: [To Sally] Can you tell me what that is?)
(Sally: I was trying to say the "cars at the Ford Museum" because I was completely blank.)
SallyWhat are the cars at the Ford
$1,199
LouWhat are trains
$2,000
RockyWhat are the Model T?
$2,800
the San Francisco cable cars

Final scores:

Rocky Lou Sally
$1,300 $1,400 $101
2nd place: trip on Eastern to San Francisco & stay at Holiday Lodge New champion: $1,400 3rd place: Panasonic stereo rack system

Game dynamics:

Coryat scores:

Rocky Lou Sally
$4,100 $3,200 $1,900
13 R,
2 W
16 R
(including 2 DDs),
4 W
13 R,
7 W
(including 1 DD)

Combined Coryat: $9,200

The J! Archive is created by fans, for fans. The Jeopardy! game show and all elements thereof, including but not limited to copyright and trademark thereto, are the property of Jeopardy Productions, Inc. and are protected under law. This website is not affiliated with, sponsored by, or operated by Jeopardy Productions, Inc. Join the discussion at JBoard.tv.